000
00355nam a2200157Ia 4500
003
OSt
005
20240119124749.0
008
170524s9999 xx 000 0 und d
020
_a
8177000985
040
_c
IIMT UNIVERSITY
100
_a
Chawala Shashi
245
0
_a
Engineering Chemistry
260
_b
Dhanpat Rai
260
_c
2008
942
_2
ddc
_c
02
999
_c
5477
_d
5477